Vista normal
Vista MARC
Entrada Materia (personas)
Número de registros utilizados en: 1
001 - CONTROL NUMBER
- control field: 66443
003 - CONTROL NUMBER IDENTIFIER
- control field: Co-BoUCM
005 - DATE AND TIME OF LATEST TRANSACTION
- control field: 20141215074917.0
008 - FIXED-LENGTH DATA ELEMENTS
- fixed length control field: 141215|| aca||aabn | a|a d
040 ## - CATALOGING SOURCE
- Original cataloging agency: Co-BoUCM
- Transcribing agency: Co-BoUCM
100 ## - HEADING--PERSONAL NAME
- Personal name: Rubiano Bernal, Gonzalo
670 ## - SOURCE DATA FOUND
- Source citation: Work cat.: (Co-BoUCM)297992: Rubiano Bernal, Gonzalo, Las disposiciones en el discurso y la representación de la violencia como riesgo en la prensa amarilla, 2014